Vista normal Vista MARC

Odontología infantil : (Registro nro. 17456)

Detalles MARC
000 -Cabecera (24)
Campo de control interno 01423nam a22002654a 4500
001 - Número de control
Campo de control UTEA
005 - Fecha y hora de la
Campo de control 20251009152353.0
006 - Campos de control - información adicional
Campos de control g||||gr||||||01 nz
007 - Tipo material - Descripcion fisica - info general
Tipo material ta
008 - Códigos de longitud fija (40p)
Campo de control de longitud fija 251009b es ||||| |||| 00| 0 spa d
020 ## - INTERNATIONAL STANDARD BOOK NUMBER
ISBN 9788418418242
040 ## - Origen de la Catalogacion
Centro catalogador/agencia de origen UTEA
041 ## - Código de idioma (R)
Código de lengua del texto/banda sonora o título independiente (R) spa
082 ## - Número de la Clasificación
Número de la Clasificación 617.645
Notación Interna V19 2020
100 ## - Autor Personal
Autor Personal Valdivia Castro, Sebastiam
Término indicativo de función (R) Autor
245 ## - Titulo
Titulo Odontología infantil :
Subtitulo conceptos básicos profesionales /
Mención del autor Sebastiám Valdivia Castro
Medio físico [Texto Impreso]
250 ## - Mencion de edicion
Mencion de edicion 2da. edición
260 ## - Editorial
Ciudad Jaén
Nombre de la Editorial Editorial Alcalá la Real
Fecha 2020
300 ## - Descripcion
Páginas 152 páginas;
Dimensiones 17 x 23 cm.
505 ## - Nota de contenido formateada
Nota de contenido formateada Índice del Libro] El diente -- desarrollo psicológico del niño -- Desarrollo y erupción dentaria -- Caries dental infantil -- Malformaciones craneofaciales. Atención primaria -- Traumatismos dentoalveolares -- Pérdidas dentarias prematuros: mantenedores de espacio y prótesis infantiles -- Cirugía oral en odontopediatría -- patología oral y periodontal en el paciente infantil y adolescente -- Ortodoncia en el niño -- Anestesia y sedación en el paciente infantil -- pacientes con necesidades especiales -- Urgencias en odontopediatría -- Odontología infantil en la sanidad pública -- recomendaciones generales.
650 ## - Temas - Descriptores
Temas - Descriptores ERUPCIÓN DENTARIA
9 (RLIN) 59749
650 ## - Temas - Descriptores
Temas - Descriptores DENTOALVEOLARES
9 (RLIN) 59750
650 ## - Temas - Descriptores
Temas - Descriptores ODONTOPEDDIATRIA
9 (RLIN) 59751
942 ## - Datos personalizados Koha
Esquema de Clasificacion Dewey Decimal Classification
Tipo de Documento Libros
Fecha procesamiento 2025-10-09
Catalogador Mag. Cecilio Flores Noa
Existencias
Estado de retiro Estado de pérdida Fuente de Clasificacion Estado No para préstamo Escuela Profesional/ Mención de Maestría Localización permanente Ubicación/localización actual Ubicación en estantería Fecha de adquisición Fuente de adquisición Signatura topográfica completa Código de barras Precio válido a partir de Tipo de ítem Koha
    Dewey Decimal Classification     E.P. Estomatología Biblioteca Abancay UTEA Biblioteca Abancay UTEA Área de Ciencias Puras y Aplicada (primer piso) 10/09/2025 Compra 617.645 V19 2020 BABA25100137 10/09/2025 Libros